书目信息 |
| 题名: |
形象学的实践
|
|
| 作者: | 王耀路 著 | |
| 分册: | ||
| 出版信息: | 北京 北京大学出版社 2009 |
|
| 页数: | 188页 | |
| 开本: | 25cm | |
| 丛书名: | ||
| 单 册: | ||
| 中图分类: | B834.3 | |
| 科图分类: | ||
| 主题词: | 个人--形象--通俗读物 , 个人 , 形象 | |
| 电子资源: | ||
| ISBN: | 978-7-301-14832-7 | |
| 000 | 00844nam0 2200265 45 | |
| 001 | 1034511773 | |
| 005 | 20100319080715.14 | |
| 010 | @a978-7-301-14832-7@dCNY30.00 | |
| 100 | @a20100311d2009 em y0chiy50 ea | |
| 101 | 0 | @achi |
| 102 | @aCN@b110000 | |
| 105 | @aa z 000yy | |
| 106 | @ar | |
| 200 | 1 | @a形象学的实践@AXing Xiang Xue De Shi Jian@f王耀路著@FWang Yao Lu Zhu |
| 210 | @a北京@c北京大学出版社@d2009 | |
| 215 | @a188页@c图,照片@d25cm | |
| 300 | @a大众素质书 | |
| 330 | @a本书对形象学的学科体系做了讲述,并归结到形象学的实践与运用上,对运用形象学知识解决具体生活中的审美、心理、成功等众多的人生问题有极大帮助。 | |
| 606 | 0 | @a个人@x形象@j通俗读物 |
| 606 | 0 | @a个人 |
| 606 | 0 | @a形象 |
| 690 | @aB834.3@v4 | |
| 701 | 0 | @a王耀路@AWang Yao Lu@4著 |
| 801 | 0 | @aCN@bTANGWEI@c20100319 |
| 905 | @b0585780-82@dB834.3@e263@f3 | |
| 形象学的实践/王耀路著.-北京:北京大学出版社,2009 |
| 188页:图,照片;25cm |
| 大众素质书 |
| ISBN 978-7-301-14832-7:CNY30.00 |
| 本书对形象学的学科体系做了讲述,并归结到形象学的实践与运用上,对运用形象学知识解决具体生活中的审美、心理、成功等众多的人生问题有极大帮助。 |
| ● |
| 相关链接 |
|
|
|
|
正题名:形象学的实践
索取号:B834.3/263
 
预约/预借
| 序号 | 登录号 | 条形码 | 馆藏地/架位号 | 状态 | 备注 |
| 1 | 0585780 | 205857802 | 第一样本阅览室/ [索取号:B834.3/263] | 在馆 | |
| 2 | 0585781 | 205857811 | 密集书库-海洋学院/ [索取号:B834.3/263] | 在馆 | |
| 3 | 0585782 | 205857820 | 第一借阅区/ [索取号:B834.3/263] | 在馆 |